000 00233 a2200109 4500
003 Nust
005 20170207154224.0
040 _cNust
082 _a371.33
245 _aMost Wanted (VHS-157)
440 _aMost Wanted (VHS-157)
538 _aDuration in Minutes-100
999 _c195497
_d195497